José y sus hermanos / (Record no. 96898)

MARC details
000 -LEADER
campo de control de longitud fija 01014nam a2200241 i 4500
001 - NÚMERO DE CONTROL
campo de control 96898
003 - IDENTIFICADOR DE NÚMERO DE CONTROL
campo de control ES-MaACL
005 - FECHA Y HORA DE LA ÚLTIMA TRANSACCIÓN
campo de control 20250316204109.0
007 - CAMPO FIJO DE DESCRIPCIÓN FÍSICA--INFORMACIÓN GENERAL
campo de control de longitud fija t|
008 - DATOS DE LONGITUD FIJA--INFORMACIÓN GENERAL
campo de control de longitud fija 050704m19451946cl |||| |dspa d
100 0# - ENTRADA PRINCIPAL--NOMBRE DE PERSONA
Nombre de persona Mann, Thomas,
Fechas asociadas al nombre 1875-1955
9 (RLIN) 76055
245 10 - MENCIÓN DEL TÍTULO
Título José y sus hermanos /
Mención de responsabilidad, etc. Thomas Mann.
260 ## - PUBLICACIÓN, DISTRIBUCIÓN, ETC.
Lugar de publicación, distribución, etc. Santiago de Chile :
Nombre del editor, distribuidor, etc. Ercilla,
Fecha de publicación, distribución, etc. 1945-1946.
300 ## - DESCRIPCIÓN FÍSICA
Extensión 4 v. ;
Dimensiones 22 cm.
490 1# - MENCIÓN DE SERIE
Mención de serie Cóndor
505 8# - NOTA DE CONTENIDO CON FORMATO
Nota de contenido con formato Contiene: 1 ;
Título Las historias de Jacob /
Mención de responsabilidad traducción al español por José María Souvirón, 4ª ed. (325 p.) - 2. --
Título El joven José /
Mención de responsabilidad trad... José María Souvirón, 3ª ed. (241 p.) - 3. --
Título José en Egipto /
Mención de responsabilidad trad... Hernán del Solar, 2ª ed. (511 p.) - 4. --
Título José el proveedor /
Mención de responsabilidad trad... Lenka Franulic (459 p.)
700 1# - ENTRADA AGREGADA--NOMBRE PERSONAL
Nombre de persona Souvirón, José María
Fechas asociadas al nombre 1904-1973
9 (RLIN) 107605
700 1# - ENTRADA AGREGADA--NOMBRE PERSONAL
Nombre de persona Solar, Hernán del.
9 (RLIN) 107097
700 1# - ENTRADA AGREGADA--NOMBRE PERSONAL
Nombre de persona Franulic, Lenka.
9 (RLIN) 52355
830 0# - PUNTO DE ACCESO ADICIONAL DE SERIE-TÍTULO UNIFORME
Título uniforme Cóndor
9 (RLIN) 232271
852 ## - LOCALIZACIÓN
Ubicación ES-MaACL
Número de control de estantería D-5322-25
Holdings
Estatus retirado Estado de pérdida Estado de daño No para préstamo Biblioteca de origen Biblioteca actual Ubicación en estantería Fecha de adquisición Fuente de adquisición Total de préstamos Signatura topográfica completa Código de barras Visto por última vez Precio de reemplazo Tipo de ítem Koha
        Biblioteca del Ateneo de Madrid Biblioteca del Ateneo de Madrid Sala Valle Inclán 17/01/2008     D-5322-25 901101160 23/02/2023 23/02/2023 Libro impreso